000 01498nam0a22003251 4500
001 rc\3380706
005 20260406235139.0
021 _aRU
_b[72-96323]
035 _a(NLR Aleph) 007534114
090 _a7764043
_c7764043
100 _a20130115d1972 |||y0rusy50 ca
101 0 _arus
102 _aRU
105 _aa z |||||
200 1 _aАдаптация лошадей к хронической и острой гипоксии
_fПод ред. канд. биол. наук А.А. Ласкова
_gМ-во совхозов РСФСР. Гл. упр. коневодства и коннозаводства
210 _aМосква
_cРоссельхозиздат
_d1972
215 _a131 с.
_cчерт.
_d21
300 _aВ содерж. авт.: А.А. Ласков, М.А. Леонова, Л.П. Парышева и др.
320 _aСписок лит.: с. 129-130
606 _aЛошади
_xАдаптация к недостатку кислорода
_2psbo
701 1 _7ca
_8rus
_aЛеонова
_bМ. А.
_cканд. ветеринар. наук
_gМарина Александровна
_9232355
_3RU\NLR\AUTH\770232411
701 1 _aЛасков
_bА.А.
_4340
701 1 _aПарышева
_bЛ.П.
712 0 1 _aРСФСР
_bУправление коневодства и коннозаводства
_3RU\NLR\AUTH\889988920
_9473404
801 0 _aRU
_bNLR
_gpsbo
801 1 _aRU
_bELAR
_2rusmarc
852 _aNLR
_j72-5/4741
942 _cBOOK
980 _aNB